000
00296nam a22001337a 4500
008
170313b xxu||||| |||| 00| 0 eng d
020
_a
9781842150719
041
_a
eng
080
_a
591
100
_a
7
101
_a
SHM
245
_a
ELEPHANTS BIG CATS BEARS WHALES
_c
TAYLOR.B
942
_2
udc
_c
BK
999
_c
7630
_d
7630